[Event "Madrid-ch Previa A"]
[Site "Madrid"]
[Date "2023.02.15"]
[Round "6.25"]
[White "Casal Martin, Jose Manuel"]
[Black "Camarero Izquierdo, Juan Carlos"]
[Result "0-1"]
[WhiteElo "1430"]
[BlackElo "1651"]
[PlyCount "72"]
[EventDate "2023.02.06"]
[EventType "swiss"]
[EventRounds "9"]
[EventCountry "ESP"]
[SourceTitle "EXT 2024"]
[Source "ChessBase"]
[SourceDate "2023.10.10"]
[SourceVersion "1"]
[SourceVersionDate "2023.10.10"]
[SourceQuality "1"]

1. e4 c5 2. c3 d6 3. d4 Nf6 4. Bd3 Nc6 5. d5 Ne5 6. Bc2 e6 7. Nf3 exd5 8. Nxe5 dxe5 9. Bg5 d4 10. Ba4+ Bd7 11. Bxd7+ Qxd7 12. Bxf6 gxf6 13. Qh5 Qb5 14. Qe2 d3 15. Na3 Qa6 16. Qd2 c4 17. Nb1 h5 18. 0-0 Bh6 19. Qd1 0-0-0 20. Nd2 Bxd2 21. Qxd2 h4 22. f4 Rhg8 23. fxe5 fxe5 24. Rxf7 Rg4 25. Re1 Qg6 26. Rff1 Rxe4 27. Rxe4 Qxe4 28. b3 cxb3 29. axb3 Qd5 30. c4 Qd4+ 31. Rf2 Rf8 32. Kf1 Qa1+ 33. Qe1 Rxf2+ 34. Kxf2 Qb2+ 35. Ke3 Qd4+ 36. Kd2 e4 0-1

[Event "Madrid-ch Previa A"]
[Site "Madrid"]
[Date "2023.02.08"]
[Round "3.25"]
[White "Cujba, Anca Claudia"]
[Black "Casal Martin, Jose Manuel"]
[Result "1-0"]
[WhiteElo "1669"]
[BlackElo "1430"]
[PlyCount "68"]
[EventDate "2023.02.06"]
[EventType "swiss"]
[EventRounds "9"]
[EventCountry "ESP"]
[SourceTitle "EXT 2024"]
[Source "ChessBase"]
[SourceDate "2023.10.10"]
[SourceVersion "1"]
[SourceVersionDate "2023.10.10"]
[SourceQuality "1"]

1. e4 e5 2. Nf3 Nc6 3. Nc3 Nf6 4. g3 d5 5. exd5 Nxd5 6. Bg2 Nxc3 7. bxc3 Bg4 8. h3 Bh5 9. g4 Bg6 10. 0-0 Be7 11. Rb1 e4 12. Nh2 Rb8 13. Re1 0-0 14. a3 f5 15. gxf5 Bxf5 16. Bxe4 Bxe4 17. Rxe4 Bh4 18. Nf3 Qd5 19. Qe2 Be7 20. Rb5 Qf7 21. Ne5 Nxe5 22. Rexe5 Qg6+ 23. Qg4 Qxg4+ 24. hxg4 Bh4 25. Rf5 Rbe8 26. Kf1 g6 27. Rxf8+ Rxf8 28. Rxb7 Bxf2 29. Ke2 Bb6 30. d4 h5 31. gxh5 gxh5 32. Bg5 Kg7 33. c4 Kg6 34. Rxc7 Bxd4 1-0

[Event "Madrid-ch Previa-A"]
[Site "Madrid"]
[Date "2020.02.12"]
[Round "6"]
[White "De Fuenmayor Fernandez, Carlos Pablo"]
[Black "Casal Martin, Jose Manuel"]
[Result "1/2-1/2"]
[WhiteElo "1365"]
[BlackElo "1473"]
[PlyCount "154"]
[EventDate "2020.02.03"]
[EventType "swiss"]
[EventRounds "9"]
[EventCountry "ESP"]
[SourceTitle "EXT 2021"]
[Source "ChessBase"]
[SourceDate "2020.10.23"]
[SourceVersion "1"]
[SourceVersionDate "2020.10.23"]
[SourceQuality "1"]

1. c4 Nf6 2. g3 g6 3. Bg2 Bg7 4. Nc3 c6 5. e4 d6 6. Nge2 0-0 7. 0-0 Nbd7 8. d4 e5 9. d5 cxd5 10. cxd5 a6 11. Be3 b5 12. b4 Ng4 13. Bd2 f5 14. Nc1 Nb6 15. f3 Nf6 16. a4 Bd7 17. axb5 axb5 18. Rxa8 Qxa8 19. Be3 Nc4 20. Bf2 fxe4 21. fxe4 Ng4 22. Nd3 Nge3 23. Bxe3 Nxe3 24. Rxf8+ Qxf8 25. Qa1 Qc8 26. Nf2 Nc2 27. Qb2 Nd4 28. Nb1 Qc2 29. Qxc2 Nxc2 30. Bf1 Nd4 31. Nc3 Kf8 32. Bh3 Bxh3 33. Nxh3 h6 34. Kf2 Ke7 35. Ng1 Kd7 36. Nge2 Nc2 37. Nxb5 Nxb4 38. g4 Bf6 39. h3 Nd3+ 40. Kf3 g5 41. Ng3 Bg7 42. Nf5 Bf8 43. h4 gxh4 44. Nxh4 Nf4 45. Nf5 Ng6 46. Kg3 Nf4 47. Kh4 Be7+ 48. Nxe7 Kxe7 49. g5 hxg5+ 50. Kxg5 Nh3+ 51. Kf5 Nf4 52. Nc7 Ne2 53. Kg4 Nf4 54. Kf3 Nd3 55. Ke3 Nf4 56. Kd2 Kd7 57. Nb5 Ng6 58. Ke3 Nf4 59. Kf3 Ng6 60. Kg4 Nf4 61. Na3 Nd3 62. Nc4 Nc5 63. Kf5 Ke7 64. Nxe5 dxe5 65. Kxe5 Nd7+ 66. Kf5 Kd6 67. Kf4 Ne5 68. Ke3 Ng6 69. Kd4 Ne5 70. Kc3 Kc5 71. Kb3 Kd4 72. Kb4 Nd7 73. Kb5 Nc5 74. d6 Nd7 75. Kc6 Ne5+ 76. Kc7 Kxe4 77. d7 Nxd7 1/2-1/2